Nghiên cứu hiện trạng và đề xuất một số định hướng khai thác, sử dụng hợp lý nguồn lợi dừa nước tại xã Cẩm Thanh thành phố Hội An
Tổng quan tài liệu: Hệ sinh thái dừa nước... Tình hình khai thác, sử dụng và quản lý...Đối tượng và phương pháp nghiên cứu...Kết quả nghiên cứu và biện luận.
সংরক্ষণ করুন:
| প্রধান লেখক: | |
|---|---|
| অন্যান্য লেখক: | |
| বিন্যাস: | গ্রন্থ |
| ভাষা: | Vietnamese |
| প্রকাশিত: |
Đà Nẵng
Đại học Đà Nẵng
2011
|
| বিষয়গুলি: | |
| ট্যাগগুলো: |
ট্যাগ যুক্ত করুন
কোনো ট্যাগ নেই, প্রথমজন হিসাবে ট্যাগ করুন!
|
| Thư viện lưu trữ: | Mạng thư viện Đại học Đà Nẵng |
|---|
| LEADER | 01606nam a2200349 4500 | ||
|---|---|---|---|
| 001 | 000012617 | ||
| 003 | 8925 | ||
| 005 | 20120222160209.0 | ||
| 008 | 120222s2011 viesd | ||
| 041 | |a vie | ||
| 072 | |a Luận văn Thạc sĩ | ||
| 082 | |a 548.5 |b NG-T | ||
| 100 | |a Nguyễn, Thị Gia Thạnh |e Tác giả | ||
| 245 | |a Nghiên cứu hiện trạng và đề xuất một số định hướng khai thác, sử dụng hợp lý nguồn lợi dừa nước tại xã Cẩm Thanh thành phố Hội An |c Nguyễn Thị Gia Thạnh | ||
| 260 | |a Đà Nẵng |b Đại học Đà Nẵng |c 2011 | ||
| 300 | |a 65 tr. |b Hình ảnh |c 29 cm |e CD, Tóm tắt | ||
| 500 | |a Luận văn Thạc sĩ khoa học. Chuyên ngành: Sinh thái học. Mã số: 60.42.60 | ||
| 520 | |a Tổng quan tài liệu: Hệ sinh thái dừa nước... Tình hình khai thác, sử dụng và quản lý...Đối tượng và phương pháp nghiên cứu...Kết quả nghiên cứu và biện luận. | ||
| 653 | |a Dừa nước | ||
| 653 | |a Nghiên cứu | ||
| 653 | |a Cẩm Thanh - Hội An | ||
| 700 | |a Võ Văn Minh |c T.S |e Hướng dẫn | ||
| OWN | |a LSP | ||
| AVA | |a UDN50 |b LSP |d 548.5 NG-T |e available |t Error 5001 Not defined in file expand_doc_bib_avail. |f 1 |g 0 |h N |i 0 |k 1 | ||
| 999 | |a From the UDN01 | ||
| AVA | |a UDN50 |b LSP |d 548.5 NG-T |e available |t Error 5001 Not defined in file expand_doc_bib_avail. |f 1 |g 0 |h N |i 0 |k 1 | ||
| TYP | |a Monograph | ||
| TYP | |a Printed language | ||
| 980 | |a Mạng thư viện Đại học Đà Nẵng | ||